Responses for Show #6080 - Friday, February 4, 2011

IBM Challenge mini-documentary: "Meet the Contestants"

Contestants

[<< previous game]

Kristi Springer, a proposal writer from Naperville, Illinois

Roger Mueller-Kim, a high school social studies teacher from Dublin, California

Fred Cofone, a copy editor from Old Greenwich, Connecticut (whose 2-day cash winnings total $24,400)

[next game >>]

Jeopardy! Round responses

GOLF
GREENS
HAZARDS
CLUBS
BIRDIE
"FORE"!
    $200 1
a driver

Fred
    $200 21
Kermit the Frog

Kristi
    $200 12
(Kristi: What is ozone?)

freon

FredKristi
    $200 30
detention

Roger
    $200 11
a parakeet

Fred
    $200 6
forehead

Kristi
    $400 2
a lie

Fred
    $400 22
(Kristi: What's the emerald?)

jade

RogerKristi
    $400 13
New Jersey

Fred
    $400 29
Sam's Club

Kristi
    $400 15
(Kristi: Oh, goodness. Um, what's, uh... Aah.)

the cardinal

Kristi
Triple Stumper
    $400 7
a foreigner

Fred
    $600 3
a wedge

Fred
    $600 23
olives

Fred
    $600 14
(Fred: What is radiation?)

biohazard

FredRoger
    $600 28
Harvard

Kristi
    $600 16
the whooping crane

Fred
    $600 8
a forehand

Fred
    $800 4
a double eagle

Fred
    $800 24
the Emerald City

Fred
    $800 18
nitrogen

Fred
    $800 27
Culture Club

Kristi
    $800 17
the kookaburra

Kristi
    $800 9
the forefront

Roger
    $1000 5
the fringe

Triple Stumper
    $1,200 25
(Fred: ...I don't know.)

chlorine

Fred
    $1000 20
Oliver Hazard Perry

Triple Stumper
    $1000 26
Growth

Roger
    $1000 19
(Roger: What is a pigeon?)
(Alex: Be more specific.)

a homing pigeon

Roger
    $1000 10
a forebear (or forefather)

Kristi

Scores at the first commercial break (after clue 15):

Fred Roger Kristi
$3,200 $1,400 $600

Scores at the end of the Jeopardy! Round:

Fred Roger Kristi
$4,800 $4,000 $3,000

Double Jeopardy! Round responses

NOVA: MAKING STUFF
(Alex: A tribute to their series [*] which airs Wednesday nights on PBS.)
"Q" FOOD & DRINK
(Alex: Each correct response beginning with a "Q".)
POETS' MONOGRAMS
HAPPIER MOVIE ENDINGS
VI PACK
(Alex: You'll get a "six pack".)
COMPLETE THE OXYMORON
    $400 26
a shark

Triple Stumper
    $400 2
quail

Kristi
    $400 7
Emily Dickinson

Kristi
    $400 1
Titanic

Fred
    $400 20
(Kristi: What is the Holy Roman Empire?)

the Byzantine Empire

RogerKristi
    $400 9
brief

Kristi
    $800 27
tough

Kristi
    $800 17
quinine

Roger
    $800 8
Percy Bysshe Shelley

Fred
    $800 3
The Sixth Sense

Kristi
    $800 21
Henry VI

Kristi
    $800 13
high

Fred
    $1200 28
invisibility

Kristi
    $1200 18
quahog

Fred
    $2,000 10
(Kristi: Who is Robert Browning?)

Robert Burns

Kristi
    $1200 4
Soylent Green

Kristi
    $1200 22
the Pope

Roger
    $1,800 14
ice

Fred
    $1600 29
gastrointestinal

Fred
    $1600 19
quinoa

Kristi
    $1600 11
Edna St. Vincent Millay

Roger
    $1600 5
(Kristi: What is Taxi Driver?)
(Roger: What is Bonnie & Clyde?)
...
(Alex: "Forget it, Jake, it's [*].")

Chinatown

RogerKristi
Triple Stumper
    $1600 23
(Alex: Father of Queen Elizabeth--[*].)

George VI

Triple Stumper
    $1600 15
brave

Fred
    $2000 30
a dragline

Triple Stumper
    $2000 25
quattro formaggi

Roger
    $2000 12
Samuel Taylor Coleridge

Fred
    $2000 6
The Green Mile

Kristi
    $2000 24
Thailand

Roger
    $2000 16
fast

Fred

Scores at the end of the Double Jeopardy! Round:

Fred Roger Kristi
$17,000 $10,400 $8,600

[wagering suggestions for these scores]

Final Jeopardy! Round responses

BRITISH BUSINESS
KristiWhat is Aston Martin?
$5,000
RogerWhat is Bentley Bentley?
$7,001
FredWhat is MG
$4,000
Bentley

Final scores:

Fred Roger Kristi
$13,000 $17,401 $3,600
2nd place: $2,000 New champion: $17,401 3rd place: $1,000

Game dynamics:

Coryat scores:

Fred Roger Kristi
$17,600 $10,400 $10,600
22 R
(including 1 DD),
2 W
(including 1 DD)
12 R,
1 W
17 R,
6 W
(including 1 DD)

Combined Coryat: $38,600

[game clues] [game scores] [suggest correction]

Game tape date: 2010-10-26
The J! Archive is created by fans, for fans. Scraping, republication, monetization, and malicious use prohibited; this site may use cookies and collect identifying information. See terms. The Jeopardy! game show and all elements thereof, including but not limited to copyright and trademark thereto, are the property of Jeopardy Productions, Inc. and are protected under law. This website is not affiliated with, sponsored by, or operated by Jeopardy Productions, Inc. Join the discussion at JBoard.tv.